000 00747nam a2200253 i 4500
001 bg
100 1 _aLECH, Jan
245 1 0 _aOpracowanie wyników pomiarów w pierwszej pracowni fizycznej /
_cJan Lech.
260 _aCzęstochowa :
_bWydaw. PC,
_c1997.
300 _a93, [2] s. :
_brys., wykr. ;
_c24 cm.
490 1 _aSkrypty Politechniki Częstochowskiej,
_x134-9909 ;
_v24
504 _aBibliogr. s. [95].
650 9 _aFizyka
650 9 _aPomiary
655 _aPodręczniki akademickie
830 _aSkrypty Politechniki Częstochowskiej,
_x134-9909 ;
020 _a8385031901
040 _cBPK
041 0 _apl
080 _a531.7(075.8)
920 _a83-85031-90-1
942 _cKS
008 s pl f |000 0 pol
999 _c31862
_d31862
856 _uhttp://koha.tu.koszalin.pl/cgi-bin/koha/opac-detail.pl?biblionumber=31862
_yKatalog online BPK